000
00227nam a2200109Ia 4500
999
_c
7898
_d
7898
020
_a
978-8182092228
100
_a
Leon, Leon
245
0
_a
Database Management Systems
260
_a
India
_b
BPB
_c
1999
300
_a
988
942
_c
BK